Sports Quiz

Random Sports or Hockey Quiz

NCHC Hockey Conference Teams Quiz Stats

Quiz not verified by Sporcle

Challenge
Share
Tweet
Embed
Score 0/8 Timer 10:00
0 Plays Today
Hint Answer % Correct
St Cloud State Huskies
80%
Miami Redhawks
80%
North Dakota Fighting Sioux
75%
Colorado College Tigers
70%
Denver Pioneers
65%
Minnesota Duluth Bulldogs
65%
Western Michigan Broncos
60%
Nebraska-Omaha Mavericks
60%

You're not logged in!

Compare scores with friends on all Sporcle quizzes.
Join for Free
OR
Log In

You Might Also Like...

Show Comments

Extras

Top Quizzes Today


Score Distribution

Your Account Isn't Verified!

In order to create a playlist on Sporcle, you need to verify the email address you used during registration. Go to your Sporcle Settings to finish the process.

Report this User

Report this user for behavior that violates our Community Guidelines.

Details: